<?xml version="1.0" encoding="UTF-8"?>
<record
    xmlns:xsi="http://www.w3.org/2001/XMLSchema-instance"
    xsi:schemaLocation="http://www.loc.gov/MARC21/slim http://www.loc.gov/standards/marcxml/schema/MARC21slim.xsd"
    xmlns="http://www.loc.gov/MARC21/slim">

  <leader>00663    a2200193   4500</leader>
  <datafield tag="999" ind1=" " ind2=" ">
    <subfield code="c">111</subfield>
    <subfield code="d">111</subfield>
  </datafield>
  <controlfield tag="008">210812b           ||||| |||| 00| 0 eng d</controlfield>
  <datafield tag="020" ind1=" " ind2=" ">
    <subfield code="a">9781408176061</subfield>
  </datafield>
  <datafield tag="082" ind1="0" ind2="0">
    <subfield code="a">623.8503</subfield>
    <subfield code="b">L3998</subfield>
  </datafield>
  <datafield tag="100" ind1=" " ind2=" ">
    <subfield code="a">Lavers, Christopher</subfield>
  </datafield>
  <datafield tag="245" ind1=" " ind2=" ">
    <subfield code="a">Reeds Vol 6: Basic electrotechnology for marine engineers /</subfield>
  </datafield>
  <datafield tag="250" ind1=" " ind2=" ">
    <subfield code="a">4th ed.</subfield>
  </datafield>
  <datafield tag="260" ind1=" " ind2=" ">
    <subfield code="a">London: </subfield>
    <subfield code="b">Adlard Coles Nautical, </subfield>
    <subfield code="c">2013.</subfield>
  </datafield>
  <datafield tag="300" ind1=" " ind2=" ">
    <subfield code="a">xv, 512 p.  </subfield>
  </datafield>
  <datafield tag="490" ind1="0" ind2=" ">
    <subfield code="a">Reeds Marine Engineering and Technology</subfield>
  </datafield>
  <datafield tag="650" ind1=" " ind2="0">
    <subfield code="a">Boats and boating-Electric equipments</subfield>
  </datafield>
  <datafield tag="700" ind1=" " ind2=" ">
    <subfield code="9">1274</subfield>
    <subfield code="a">Kraal, Edmund G. R.</subfield>
  </datafield>
  <datafield tag="700" ind1=" " ind2=" ">
    <subfield code="9">5139</subfield>
    <subfield code="a">Buyers, Stanley</subfield>
  </datafield>
  <datafield tag="942" ind1=" " ind2=" ">
    <subfield code="2">ddc</subfield>
    <subfield code="c">BK</subfield>
  </datafield>
  <datafield tag="952" ind1=" " ind2=" ">
    <subfield code="0">0</subfield>
    <subfield code="1">0</subfield>
    <subfield code="2">ddc</subfield>
    <subfield code="4">0</subfield>
    <subfield code="6">623_850300000000000_L3998</subfield>
    <subfield code="7">0</subfield>
    <subfield code="9">534</subfield>
    <subfield code="a">CL</subfield>
    <subfield code="b">CL</subfield>
    <subfield code="d">2019-09-09</subfield>
    <subfield code="e">Apex Book Services</subfield>
    <subfield code="g">1094.51</subfield>
    <subfield code="o">623.8503 L3998</subfield>
    <subfield code="p">13244</subfield>
    <subfield code="r">2019-09-09</subfield>
    <subfield code="v">1599.00</subfield>
    <subfield code="y">BK</subfield>
  </datafield>
  <datafield tag="952" ind1=" " ind2=" ">
    <subfield code="0">0</subfield>
    <subfield code="1">0</subfield>
    <subfield code="2">ddc</subfield>
    <subfield code="4">0</subfield>
    <subfield code="6">623_850300000000000_L3998</subfield>
    <subfield code="7">0</subfield>
    <subfield code="9">535</subfield>
    <subfield code="a">CL</subfield>
    <subfield code="b">CL</subfield>
    <subfield code="d">2019-09-09</subfield>
    <subfield code="e">Apex Book Services</subfield>
    <subfield code="g">1094.51</subfield>
    <subfield code="l">4</subfield>
    <subfield code="m">3</subfield>
    <subfield code="o">623.8503 L3998</subfield>
    <subfield code="p">13245</subfield>
    <subfield code="r">2025-11-15</subfield>
    <subfield code="s">2025-10-16</subfield>
    <subfield code="v">1599.00</subfield>
    <subfield code="y">BK</subfield>
  </datafield>
  <datafield tag="952" ind1=" " ind2=" ">
    <subfield code="0">0</subfield>
    <subfield code="1">0</subfield>
    <subfield code="2">ddc</subfield>
    <subfield code="4">0</subfield>
    <subfield code="6">623_850300000000000_L3998</subfield>
    <subfield code="7">0</subfield>
    <subfield code="9">536</subfield>
    <subfield code="a">CL</subfield>
    <subfield code="b">CL</subfield>
    <subfield code="d">2019-09-09</subfield>
    <subfield code="e">Apex Book Services</subfield>
    <subfield code="g">1094.51</subfield>
    <subfield code="l">3</subfield>
    <subfield code="o">623.8503 L3998</subfield>
    <subfield code="p">13246</subfield>
    <subfield code="r">2025-09-22</subfield>
    <subfield code="s">2025-09-16</subfield>
    <subfield code="v">1599.00</subfield>
    <subfield code="y">BK</subfield>
  </datafield>
  <datafield tag="952" ind1=" " ind2=" ">
    <subfield code="0">0</subfield>
    <subfield code="1">0</subfield>
    <subfield code="2">ddc</subfield>
    <subfield code="4">0</subfield>
    <subfield code="6">623_850300000000000_L3998</subfield>
    <subfield code="7">0</subfield>
    <subfield code="9">537</subfield>
    <subfield code="a">CL</subfield>
    <subfield code="b">CL</subfield>
    <subfield code="d">2019-09-09</subfield>
    <subfield code="e">Apex Book Services</subfield>
    <subfield code="g">1094.51</subfield>
    <subfield code="l">2</subfield>
    <subfield code="o">623.8503 L3998</subfield>
    <subfield code="p">13247</subfield>
    <subfield code="r">2023-09-22</subfield>
    <subfield code="s">2023-09-11</subfield>
    <subfield code="v">1599.00</subfield>
    <subfield code="y">BK</subfield>
  </datafield>
</record>
